LEADER 01024nam a2200193 i 4500 001 000000235291 003 CaOOAMICUS 005 20141103000000.0 008 141103s1721 xx u000 u lat u 013 $a214194 026 $aU.US ***. utn- sc&g (3) 1721 (R) 040 $aSeMil$bita 245 10$aTomus secundus in quo de Sanctissima trinitate agitur. 300 $a[6], 485, [11] p. 500 $aSegn. : pigreco4(-pigreco33) A-3Q4. 773 0 $aPetau, Denys $tDionysii Petavii Aurelianensis ... Opus de theologicis dogmatibus, auctius in hac novissima editione libro de Tridentini Concilii Interpretatione, Libris 2., Dissertationum Ecclesiasticarum, Diatribâ de potestate consecrandi, libris 8. De poenitentia publica. Tomus 1. [-6.].$dVenetiis : apud Aloysium Pavinum, 1721-1724.$g2$w()30865 850 $aSeMil 852 $aSeMil$W1$xVenegono$y1$m2C VIII 6 FA$j185637$B185637$CSeMilBibl$Z2$F196536 $8I 996 $6245$aTomus secundus in quo de Sanctissima trinitate agitur$9(OLS)http://semarc/title/335521 LEADER 00797nam a2200181 i 4500 001 000000027278 003 CaOOAMICUS 005 20180830125447.0 008 180830s1946 fr u000 u und u 040 $aSeMil$bita 245 10$aTraité de droit canonique /$cpublié sous la direction de Raoul Naz. 260 $aParis :$bLetouzey et Ané,$c1946-1948. 300 $a2 v. ;$c26 cm. 700 1 $aNaz, Raoul.$0(OLS)http://semarc/name/3521 774 0 $tIntroduction règles générales des personnes.$gTome1$w()53421 774 0 $tLieux et temps sacrés culte divin ; Magistère Bénéfices écclésiastiques biens temporels de l'église.$gTome3$w()215453 996 $6245$aTraité de droit canonique$9(OLS)http://semarc/title/36910 996 $6260$aParis :$bLetouzey et Ané$9(OLS)http://semarc/publisher/29867